部首为酉的常见中文汉字 Common Chinese characters with the radical “Ferment” - Statistics

General Stats
  • This quiz has been taken 21 times
  • The average score is 19 of 56
Answer Stats
拼音首字母 笔画数 汉字 % Correct
c 15
80%
j 10
75%
y 7
75%
s 14
65%
n 14
60%
z 15
60%
f 11
55%
m 13
55%
z 13
55%
c 15
50%
d 9
50%
h 17
50%
q 16
50%
t 13
50%
j 14
45%
l 13
45%
l 18
45%
m 16
40%
p 15
40%
h 12
35%
j 13
35%
p 10
35%
z 10
35%
z 12
35%
k 14
30%
l 20
30%
q 9
30%
t 11
30%
x 16
30%
x 19
30%
x 21
30%
y 11
30%
z 10
30%
c 13
25%
l 14
25%
s 12
25%
t 12
25%
x 11
25%
x 13
25%
a 17
20%
ɡ 10
20%
k 15
20%
m 14
20%
s 14
20%
t 16
20%
c 14
15%
ɡ 12
15%
j 19
15%
t 17
15%
y 10
15%
b 19
10%
h 16
10%
j 20
10%
t 14
10%
x 16
10%
y 14
5%
No matching quizzes found
Score Distribution
Percent of People with Each Score
Percentile by Number Answered
Your Score History
You have not taken this quiz